History - Other History | 1 | 3 | 0 | 0 | 45 | 81 | 104.50 | 2 | 4 |
Current Events | 1 | 2 | 0 | 0 | 35 | 49 | 91.67 | 2 | 3 |
Science - Other Science | 0 | 3 | 0 | 0 | 30 | 114 | 122.00 | 0 | 3 |
History - World History | 0 | 2 | 0 | 0 | 20 | 95 | 103.00 | 1 | 2 |
Science - Biology | 0 | 1 | 0 | 0 | 10 | 136 | 136.00 | 0 | 1 |
Literature - World Literature | 0 | 1 | 0 | 0 | 10 | 102 | 102.00 | 1 | 1 |
Religion | 0 | 1 | 0 | 0 | 10 | 127 | 127.00 | 0 | 1 |
Philosophy | 0 | 1 | 0 | 0 | 10 | 120 | 120.00 | 0 | 1 |
Fine Arts - Auditory Fine Arts | 0 | 1 | 0 | 0 | 10 | 153 | 153.00 | 0 | 1 |
Science - Physics | 0 | 1 | 0 | 0 | 10 | 123 | 123.00 | 0 | 1 |
History - American History | 0 | 1 | 0 | 1 | 10 | 121 | 121.00 | 0 | 1 |
Social Science | 0 | 1 | 1 | 0 | 5 | 114 | 114.00 | 0 | 1 |
Literature - European Literature | 0 | 0 | 0 | 0 | 0 | | 0.00 | 0 | 0 |
History - European History | 0 | 1 | 2 | 0 | 0 | 107 | 107.00 | 0 | 1 |
Fine Arts - Visual Fine Arts | 0 | 0 | 0 | 0 | 0 | | 0.00 | 0 | 0 |
Fine Arts - Other Fine Arts | 0 | 0 | 1 | 0 | -5 | | 0.00 | 0 | 0 |